[Event "Poznan op 27th"]
[Site "Poznan"]
[Date "2019.08.24"]
[Round "8"]
[White "Dopierala, Adam"]
[Black "Golinska, Patrycja"]
[Result "1/2-1/2"]
[WhiteElo "1315"]
[BlackElo "1203"]
[PlyCount "36"]
[EventDate "2019.08.18"]
[EventType "swiss"]
[EventRounds "9"]
[EventCountry "POL"]
[SourceTitle "EXT 2020"]
[Source "ChessBase"]
[SourceDate "2019.10.17"]
[SourceVersion "1"]
[SourceVersionDate "2019.10.17"]
[SourceQuality "1"]

1. d4 Nf6 2. Bf4 e6 3. e3 d5 4. Nf3 c5 5. c3 cxd4 6. exd4 Bd6 7. Bxd6 Qxd6 8. Bd3 0-0 9. Nbd2 Nc6 10. 0-0 e5 11. dxe5 Nxe5 12. Nxe5 Qxe5 13. Nf3 Qd6 14. h3 Re8 15. Re1 Be6 16. Nd4 a6 17. a4 Rac8 18. Rc1 Qb6 1/2-1/2

[Event "Poznan op 26th"]
[Site "Poznan"]
[Date "2018.08.26"]
[Round "9"]
[White "Dopierala, Adam"]
[Black "Kierska, Pola"]
[Result "1/2-1/2"]
[WhiteElo "1305"]
[BlackElo "1070"]
[PlyCount "74"]
[EventDate "2018.08.19"]
[EventType "swiss"]
[EventRounds "9"]
[EventCountry "POL"]
[SourceTitle "CBM 186 Extra"]
[Source "ChessBase"]
[SourceDate "2018.08.24"]
[SourceVersion "1"]
[SourceVersionDate "2018.08.24"]
[SourceQuality "1"]

1. e4 e5 2. Nf3 Nc6 3. Bc4 Nf6 4. d3 h6 5. c3 d6 6. h3 Be6 7. Nbd2 Be7 8. b4 Bxc4 9. Nxc4 d5 10. exd5 Qxd5 11. Ne3 Qd6 12. 0-0 Rd8 13. Ne1 Qd7 14. a4 a6 15. Qf3 Rb8 16. Nc4 Bd6 17. Be3 0-0 18. Bxh6 Nh7 19. Qg3 f6 20. Be3 Qf7 21. Nf3 Rfe8 22. Nfd2 Rbd8 23. Nxd6 Rxd6 24. Bc5 Rd5 25. c4 Rdd8 26. b5 Nd4 27. Bxd4 Rxd4 28. Nb3 Rd6 29. Nc5 Rb8 30. Qe3 a5 31. Ne4 Rd4 32. f4 Qd7 33. Rad1 b6 34. fxe5 fxe5 35. Nc3 Qd6 36. Qg3 Qc5 37. Kh1 Rf8 1/2-1/2

[Event "Poznan op 25th"]
[Site "Poznan"]
[Date "2017.08.25"]
[Round "7"]
[White "Szafranski, Piotr"]
[Black "Dopierala, Adam"]
[Result "1-0"]
[WhiteElo "1545"]
[BlackElo "1059"]
[PlyCount "43"]
[EventDate "2017.08.20"]
[EventType "swiss"]
[EventRounds "9"]
[EventCountry "POL"]
[SourceTitle "CBM 180 Extra"]
[Source "ChessBase"]
[SourceDate "2017.10.06"]
[SourceVersion "1"]
[SourceVersionDate "2017.10.06"]
[SourceQuality "1"]

1. e4 e5 2. f4 d6 3. Nf3 Nc6 4. Bc4 Be7 5. 0-0 Be6 6. Bb3 Nf6 7. Nc3 Bxb3 8. axb3 0-0 9. d3 Qd7 10. Kh1 Rad8 11. d4 exf4 12. Bxf4 a6 13. d5 Nb8 14. Nd4 c6 15. Qd3 Rfe8 16. Nf5 g6 17. Nxe7+ Qxe7 18. Bg5 Nbd7 19. Rxf6 Nxf6 20. Rf1 Qd7 21. Bxf6 Rc8 22. Qd2 1-0

[Event "Poznan op 25th"]
[Site "Poznan"]
[Date "2017.08.21"]
[Round "3"]
[White "Dopierala, Adam"]
[Black "Walkowski, Milosz"]
[Result "0-1"]
[WhiteElo "1059"]
[BlackElo "1772"]
[PlyCount "99"]
[EventDate "2017.08.20"]
[EventType "swiss"]
[EventRounds "9"]
[EventCountry "POL"]
[SourceTitle "CBM 180 Extra"]
[Source "ChessBase"]
[SourceDate "2017.10.06"]
[SourceVersion "1"]
[SourceVersionDate "2017.10.06"]
[SourceQuality "1"]

1. e4 c6 2. d4 d5 3. Bd3 dxe4 4. Bxe4 Nf6 5. Bf3 Bf5 6. Nc3 e6 7. Be3 Bd6 8. Nge2 Nbd7 9. Ng3 Bg6 10. Nge4 Bb4 11. Bd2 0-0 12. 0-0 Qc7 13. Nb5 cxb5 14. Bxb4 Nxe4 15. Bxf8 Rxf8 16. c3 Ndf6 17. Re1 Rd8 18. Rc1 Qb6 19. Qe2 Ng5 20. Bg4 Nxg4 21. Qxg4 h6 22. h4 Nh7 23. Re5 Nf6 24. Qe2 a6 25. a3 Qc6 26. Rc5 Qe4 27. Re5 Qxh4 28. f3 Nh5 29. Qe1 Ng3 30. Rd1 Bc2 31. Rd2 Bb3 32. Re3 Bc4 33. f4 Qh1+ 34. Kf2 Qxe1+ 35. Kxe1 Nf1 36. Rf3 Nxd2 37. Kxd2 Bd5 38. Rf2 f5 39. g3 g5 40. Rh2 Kg7 41. Ke3 Kg6 42. Rf2 Rh8 43. Rh2 h5 44. Rf2 h4 45. gxh4 Rxh4 46. fxg5 Kxg5 47. Ke2 f4 48. Ke1 f3 49. Kd2 Rg4 50. Kd3 0-1